[Event "SC Hiltrup 1 - SV Heiden 1"]
[Site "Verbandsklasse 2019/2020"]
[Date "2020.02.29"]
[Round "7.7"]
[White "Kloster, Elisabeth"]
[Black "Vera, Antonio"]
[Result "1-0"]
[WhiteElo "1701"]
[BlackElo "1713"]
[PlyCount "67"]
[EventDate "2020.??.??"]
[SourceDate "2019.09.20"]

1. e4 c5 2. Nf3 d6 3. c3 Nc6 4. d4 cxd4 5. cxd4 g6 6. Bb5 a6 7. Bxc6+ bxc6 8.
Nc3 Bg7 9. O-O e6 10. Be3 Ne7 11. Qd2 O-O 12. Rfd1 Rb8 13. Rac1 Bd7 14. b3 Qa5
15. Bh6 Rbc8 16. Bxg7 Kxg7 17. Qf4 d5 18. Qd6 Qd8 19. Ne5 Be8 20. Qa3 f6 21.
Nf3 Ra8 22. exd5 cxd5 23. Re1 Kf7 24. Ne2 Bd7 25. Rc5 Qb6 26. Nf4 Rfc8 27. h4
Rc6 28. b4 Rb8 29. Nd3 Nf5 30. Nfe5+ fxe5 31. Nxe5+ Ke7 32. Nxc6+ Bxc6 33. b5
axb5 34. Rxc6+ 1-0

[Event "SC Hiltrup 1 - SV Heiden 1"]
[Site "Verbandsklasse 2019/2020"]
[Date "2020.02.29"]
[Round "7.8"]
[White "May, Peter"]
[Black "Vestrick, Frank"]
[Result "0-1"]
[WhiteElo "1601"]
[BlackElo "1719"]
[PlyCount "69"]
[EventDate "2020.??.??"]
[SourceDate "2019.09.20"]

1. e4 d6 2. d4 Nf6 3. Nc3 g6 4. Bg5 Bg7 5. Bc4 O-O 6. Qd2 c6 7. Nge2 b5 8. Bd3
e5 9. Rd1 Qc7 10. d5 b4 11. Na4 c5 12. c4 Bd7 13. Bxf6 Bxf6 14. Bc2 Bg7 15. O-O
Qd8 16. Qd3 f5 17. exf5 gxf5 18. f4 e4 19. Qe3 Bxa4 20. Bxa4 Bxb2 21. Qd2 Bg7
22. Bc6 Nxc6 23. dxc6 Rf6 24. Ng3 Qf8 25. Qd5+ Kh8 26. Nh5 Rg6 27. Ng3 Bd4+ 28.
Rxd4 cxd4 29. Qxd4+ Qf6 30. Qd5 Rag8 31. Rd1 h5 32. c7 h4 33. Nh5 Rxg2+ 34. Kh1
Qb2 35. Qd4+ 0-1

[Event "Indische Dame Münster 1 - SK Dülmen 2"]
[Site "Verbandsklasse 2019/2020"]
[Date "2020.02.29"]
[Round "7.1"]
[White "Stegemann, Norbert"]
[Black "Frie, Michael"]
[Result "0-1"]
[WhiteElo "1871"]
[BlackElo "1869"]
[PlyCount "78"]
[EventDate "2020.??.??"]
[SourceDate "2019.09.20"]

1. c4 Nf6 2. g3 g6 3. Bg2 Bg7 4. Nc3 O-O 5. e3 e5 6. Nge2 c5 7. O-O Nc6 8. d4
d6 9. h3 Rb8 10. d5 Ne7 11. e4 Ne8 12. f4 f5 13. Be3 fxe4 14. fxe5 Nf5 15. Bc1
Bxe5 16. Nxe4 b5 17. g4 Nfg7 18. Rxf8+ Kxf8 19. Bg5 Qc7 20. Qd3 Rb7 21. Rf1+
Kg8 22. cxb5 c4 23. Qf3 Qf7 24. Qe3 Qc7 25. Kh1 h5 26. Nf4 hxg4 27. Nxg6 Qb6
28. Qxb6 axb6 29. Ne7+ Rxe7 30. Bxe7 gxh3 31. Rf8+ Kh7 32. Ng5+ Kg6 33. Nxh3
Bf5 34. Nf2 Bxb2 35. Be4 Bxe4+ 36. Nxe4 Be5 37. Bd8 Bd4 38. Rf1 Nf5 39. a4 Ne3
0-1

[Event "Indische Dame Münster 1 - SK Dülmen 2"]
[Site "Verbandsklasse 2019/2020"]
[Date "2020.02.29"]
[Round "7.2"]
[White "Knispel Roth, Martin"]
[Black "Gehlen, Horst"]
[Result "1/2-1/2"]
[WhiteElo "1863"]
[BlackElo "1726"]
[PlyCount "71"]
[EventDate "2020.??.??"]
[SourceDate "2019.09.20"]

1. Nf3 Nf6 2. c4 e6 3. g3 d5 4. cxd5 exd5 5. d4 c6 6. Bg2 Bf5 7. O-O Bd6 8. Nc3
O-O 9. Bg5 Nbd7 10. Qd2 Re8 11. Nh4 Be6 12. a3 h6 13. Bxf6 Nxf6 14. Rfe1 g5 15.
Nf3 Ne4 16. Qc1 Bf5 17. Nd2 Qf6 18. Ndxe4 dxe4 19. e3 Rad8 20. Qc2 Qe6 21. Rac1
Bg6 22. Ne2 h5 23. Qc4 f5 24. Red1 Bf7 25. Qxe6 Bxe6 26. Re1 Kf7 27. f3 exf3
28. Bxf3 Rh8 29. Kf2 h4 30. Rh1 h3 31. Nc3 f4 32. Ne4 fxe3+ 33. Kxe3 Be7 34.
Rhf1 Kg6 35. Nc5 Bc8 36. Be4+ 1/2-1/2

[Event "Indische Dame Münster 1 - SK Dülmen 2"]
[Site "Verbandsklasse 2019/2020"]
[Date "2020.02.29"]
[Round "7.3"]
[White "Hussein, Zaman"]
[Black "Glotzbach, Thomas"]
[Result "1/2-1/2"]
[WhiteElo "1664"]
[BlackElo "1777"]
[PlyCount "64"]
[EventDate "2020.??.??"]
[SourceDate "2019.09.20"]

1. e4 c6 2. d4 d5 3. Nc3 dxe4 4. Nxe4 Bf5 5. Ng3 Bg6 6. Nf3 h6 7. Bd3 Bxd3 8.
Qxd3 Nf6 9. O-O e6 10. Be3 Be7 11. h3 Nbd7 12. Rad1 Nd5 13. Bd2 c5 14. dxc5
Bxc5 15. c4 N5f6 16. Bc3 O-O 17. Ne4 Be7 18. Nxf6+ Nxf6 19. b3 Qxd3 20. Rxd3
Rfd8 21. Rfd1 Ne4 22. Be1 Rxd3 23. Rxd3 Rd8 24. Rxd8+ Bxd8 25. Kf1 Bf6 26. Nh2
Nc3 27. Bxc3 Bxc3 28. Ke2 Kf8 29. Kd3 Be1 30. f3 Ke7 31. Ng4 Kd6 32. Ne3 Bf2
1/2-1/2

[Event "Indische Dame Münster 1 - SK Dülmen 2"]
[Site "Verbandsklasse 2019/2020"]
[Date "2020.02.29"]
[Round "7.4"]
[White "Wichmann, Norbert"]
[Black "Stein, Michael"]
[Result "1-0"]
[WhiteElo "1750"]
[BlackElo "1692"]
[PlyCount "45"]
[EventDate "2020.??.??"]
[SourceDate "2019.09.20"]

1. d4 Nf6 2. Nf3 g6 3. g3 Bg7 4. Bg2 O-O 5. c4 d5 6. O-O c6 7. Qb3 Qb6 8. c5
Qd8 9. Nc3 Nbd7 10. Re1 Re8 11. e4 dxe4 12. Ng5 e6 13. Be3 Rf8 14. Rad1 Nd5 15.
Ncxe4 Nxe3 16. fxe3 Nf6 17. Nd6 Ne8 18. Nge4 Nxd6 19. Nxd6 Qc7 20. Rf1 e5 21.
d5 cxd5 22. Bxd5 Qxc5 23. Nxf7 1-0

[Event "Indische Dame Münster 1 - SK Dülmen 2"]
[Site "Verbandsklasse 2019/2020"]
[Date "2020.02.29"]
[Round "7.5"]
[White "Lober, Sascha"]
[Black "Overesch, Dieter"]
[Result "1-0"]
[WhiteElo "1641"]
[BlackElo "1734"]
[PlyCount "71"]
[EventDate "2020.??.??"]
[SourceDate "2019.09.20"]

1. Nc3 d6 2. d4 Nf6 3. e4 e5 4. dxe5 dxe5 5. Qxd8+ Kxd8 6. Bg5 Be6 7. O-O-O+
Nbd7 8. Nf3 Kc8 9. Be2 a6 10. a3 h6 11. Bh4 g5 12. Bg3 Bd6 13. h3 b5 14. Nd2
Nc5 15. Rhe1 Rb8 16. b4 Ncd7 17. Nb3 Bxb3 18. cxb3 Nf8 19. f3 Ne6 20. Bf2 Nh5
21. Kb2 Nhf4 22. Bf1 Kb7 23. Rd2 Rbd8 24. Red1 Rde8 25. g3 Ng6 26. Nd5 Nd4 27.
Bxd4 exd4 28. Nf6 Re6 29. Nd7 Ne5 30. Nc5+ Bxc5 31. bxc5 Nxf3 32. Rd3 g4 33.
hxg4 Ng5 34. Rxd4 Rxe4 35. Rxe4 Nxe4 36. Bg2 1-0

[Event "Indische Dame Münster 1 - SK Dülmen 2"]
[Site "Verbandsklasse 2019/2020"]
[Date "2020.02.29"]
[Round "7.6"]
[White "Ter Veen, Michael"]
[Black "Wilms, Gerwin"]
[Result "0-1"]
[WhiteElo "1658"]
[BlackElo "1607"]
[PlyCount "84"]
[EventDate "2020.??.??"]
[SourceDate "2019.09.20"]

1. c4 e6 2. Nc3 d5 3. d4 c6 4. Nf3 dxc4 5. a4 Bb4 6. e4 b5 7. Bd2 Bxc3 8. Bxc3
Nf6 9. Qc2 Bb7 10. Be2 O-O 11. O-O h6 12. Rfd1 a6 13. Ne5 Nbd7 14. Bf3 Qc7 15.
Nxd7 Nxd7 16. Qd2 Rfe8 17. e5 c5 18. Bxb7 Qxb7 19. dxc5 Nxc5 20. Qd6 Nxa4 21.
Rd2 Nxc3 22. bxc3 Re7 23. Rda2 Rd7 24. Qb4 Qd5 25. Qb1 Rad8 26. f4 Qd1+ 27.
Qxd1 Rxd1+ 28. Rxd1 Rxd1+ 29. Kf2 Rd3 30. Rxa6 Rxc3 31. Ra8+ Kh7 32. Rb8 Rb3
33. g4 g6 34. h4 c3 35. Rc8 b4 36. Rc4 Rb2+ 37. Ke3 c2 38. Kd2 b3 39. Rc3 Rb1
40. Rc7 Kg7 41. f5 gxf5 42. gxf5 Rd1+ 0-1

[Event "Indische Dame Münster 1 - SK Dülmen 2"]
[Site "Verbandsklasse 2019/2020"]
[Date "2020.02.29"]
[Round "7.7"]
[White "Bienhuels, Michael"]
[Black "Dittberner, Markus"]
[Result "0-1"]
[WhiteElo "1677"]
[BlackElo "1577"]
[PlyCount "58"]
[EventDate "2020.??.??"]
[SourceDate "2019.09.20"]

1. e4 c5 2. d4 cxd4 3. c3 d3 4. c4 Nc6 5. Bxd3 d6 6. Nc3 g6 7. Be3 Bg7 8. Qd2
Nf6 9. f3 Bd7 10. a3 O-O 11. b3 Qa5 12. Nge2 Rfc8 13. O-O Ne5 14. Bc2 b5 15. b4
Qc7 16. c5 Nc4 17. Qd3 Nxe3 18. Qxe3 dxc5 19. e5 Ne8 20. Nd5 Qd8 21. bxc5 Be6
22. Ndf4 Bc4 23. Rad1 Qc7 24. Be4 Qxe5 25. Qf2 Rab8 26. Bd5 Nf6 27. Bxc4 bxc4
28. Qd4 Qxd4+ 29. Rxd4 e5 0-1

[Event "Indische Dame Münster 1 - SK Dülmen 2"]
[Site "Verbandsklasse 2019/2020"]
[Date "2020.02.29"]
[Round "7.8"]
[White "Blume, Heidrun"]
[Black "Bickmann, Bernd"]
[Result "1-0"]
[WhiteElo "1558"]
[BlackElo "1629"]
[PlyCount "113"]
[EventDate "2020.??.??"]
[SourceDate "2019.09.20"]

1. e4 c5 2. Nf3 e6 3. g3 g6 4. Bg2 Bg7 5. O-O Ne7 6. c3 O-O 7. d4 cxd4 8. cxd4
d6 9. h4 Nbc6 10. Nc3 a6 11. Be3 Rb8 12. Qd2 b5 13. Bh6 b4 14. Ne2 f5 15. Bxg7
Kxg7 16. Nh2 Bb7 17. Nf4 Bc8 18. h5 e5 19. h6+ Kh8 20. Ne2 exd4 21. Nxd4 Ne5
22. Rac1 Ng8 23. f4 Nf7 24. Nc6 Qb6+ 25. Kh1 Rb7 26. exf5 gxf5 27. Nd4 Ngxh6
28. Bxb7 Bxb7+ 29. Nhf3 Re8 30. Rce1 Re4 31. Nb3 Ng4 32. Rxe4 fxe4 33. Qd4+
Qxd4 34. Nfxd4 e3+ 35. Kg1 Bd5 36. Re1 Bc4 37. Nf5 e2 38. Nfd4 d5 39. Nxe2 Nd6
40. Ned4 Ne4 41. Nf5 Kg8 42. Kg2 h5 43. Ne3 Bxb3 44. axb3 Nd2 45. Nxd5 Nxb3 46.
Nxb4 a5 47. Nc6 a4 48. Re4 Nc5 49. Re8+ Kg7 50. Re2 Nf6 51. Nd8 Kg6 52. Kf3 Nb3
53. Nc6 Kf7 54. Re7+ Kf8 55. Ra7 Nc5 56. Ne5 Nfe4 57. Nd7+ 1-0